000 00419cam a2200145 4500500
005 20260329014244.0
041 _afre
042 _adc
100 1 0 _aMourtada, Youssef
_eauthor
245 0 0 _aBrèves
260 _c2006.
500 _a22
786 0 _nPsy Cause | 44-45 | 2-3 | 2006-01-02 | p. 53-53 | 1245-2394
856 4 1 _uhttps://shs.cairn.info/revue-psy-cause-2006-2-3-page-53?lang=fr&redirect-ssocas=7080
999 _c1887569
_d1887569